000 00668cam a22002293a 4500
001 32028
003 PGUSA
005 20140828083707.0
008 100417s2010||||xxu|||||s|||||000 | eng d
040 _aPGUSA
_beng
042 _adc
050 4 _aE456
100 1 _aKendall, Henry Myron
245 1 4 _aThe Battle of Stone River
_h[electronic resource] /
_cHenry Myron Kendall
260 _bProject Gutenberg,
_c2010
506 _aPublic domain in the USA.
516 _aElectronic text
653 _aStones River, Battle of, Murfreesboro, Tenn., 1862-1863
830 0 _aProject Gutenberg
_v32028
856 4 0 _uhttp://www.gutenberg.org/ebooks/32028
942 _cEB
999 _c261283
_d261283